000
00268nam a2200109Ia 4500
008
190216s9999||||xx |||||||||||||| ||und||
100
_a
Ulloor
245
0
_a
Chaithra Prabhavam
260
_b
Mathrubhumi Printing &publishing
650
_a
Malayalam Kavitha
942
_c
BK
999
_c
24236
_d
24236